000 01546cam a22004454i 4500
003 PE-LiUPU
005 20250731172922.0
008 150623s r 000 0 d
035 _a(Sirsi) a20313
040 _aPE-LiUPU
_bspa
_cPE-LiUPU
_erda
082 0 4 _a261.515
_bR71
_221
100 1 _aRoberts, Robert Campbell,
_eautor.
245 1 0 _aTaking the word to heart :
_bself and other in an age of therapies /
_cRobert C. Roberts.
264 1 _aGrand Rapids, Michigan :
_bWilliam B. Eerdmans publishing company,
_c1993.
300 _a315 páginas ;
_c22 cm.
336 _atext
_2rdacontent
337 _aunmediated
_2rdamedia
338 _avolume
_2rdacarrier
504 _aIncluye bibliografía.
505 0 _aTherapy as heart-forming word. -Relating to one another. -Conclusion.
526 _aSEG42
526 _aSEG41
526 _aSEG40
526 _aSEG39
526 _aP94
526 _aP87
526 _aP86
526 _aP85
526 _aP77
526 _aP76
526 _aP35
650 0 4 _aPsicoterapia
_xCristianismo.
650 0 4 _aCristianismo
_xPsicología.
_95763
650 0 4 _aPsicología pastoral.
942 _2ddc
_cBOOK
949 _a261.515 R71
_wDEWEY
_c1
_i43787
_lCCODEBUL1
_mBUL
_p00.00
_r0
_sY
_tBOOK
_u2015-06-24
_xTEOLOGIA
_PP35
_0COMPRA
_o.STAFF. Colección General
596 _a1
999 _a261.515 R71
_wDEWEY
_c20191
_i43787
_f2021-11-10
_g5
_lCCODEBUL1
_mBUL
_r0
_sY
_tBOOK
_u2015-6-24
_xTEOLOGIA
_PP35
_0COMPRA
_o.STAFF. Colección General
_d20191
980 _81
_gALBERTO SANCHEZ Responsable de Automatización